[Event "HUN-chT2 Barcza 1415"]
[Site "Hungary"]
[Date "2014.09.21"]
[Round "?"]
[White "Radai, Zoltan Mate"]
[Black "Dudics, Zoltan Alex"]
[Result "1-0"]
[WhiteElo "1738"]
[BlackElo "1747"]
[PlyCount "44"]
[EventDate "2014.09.07"]
[EventType "team-tourn"]
[EventRounds "11"]
[EventCountry "HUN"]
[SourceTitle "EXT 2016"]
[Source "ChessBase"]
[SourceDate "2015.10.08"]
[SourceVersion "1"]
[SourceVersionDate "2015.10.08"]
[SourceQuality "1"]
[WhiteTeam "Piremon"]
[BlackTeam "Nadudvar"]
[WhiteTeamCountry "HUN"]
[BlackTeamCountry "HUN"]

1. d4 Nf6 2. Nf3 e6 3. c4 b6 4. g3 Bb7 5. Bg2 d5 6. Ne5 Bb4+ 7. Nc3 Nbd7 8. Qa4 Bxc3+ 9. bxc3 0-0 10. Nc6 Bxc6 11. Qxc6 Rc8 12. 0-0 Nb8 13. Qa4 a5 14. Ba3 Re8 15. Rab1 Qd7 16. Rb5 Nc6 17. Rb2 Na7 18. Qxd7 Nxd7 19. cxd5 exd5 20. e3 Nf6 21. Rc1 b5 22. Bc5 Nc6 1-0

[Event "HUN-chT2 Barcza 1314"]
[Site "Hungary"]
[Date "2014.04.27"]
[Round "11"]
[White "Dudics, Zoltan Alex"]
[Black "Baranyai, Szabolcs"]
[Result "1/2-1/2"]
[WhiteElo "1806"]
[BlackElo "1914"]
[PlyCount "46"]
[EventDate "2013.09.08"]
[EventType "team-tourn"]
[EventRounds "11"]
[EventCountry "HUN"]
[SourceTitle "EXT 2016"]
[Source "ChessBase"]
[SourceDate "2015.10.08"]
[SourceVersion "1"]
[SourceVersionDate "2015.10.08"]
[SourceQuality "1"]
[WhiteTeam "Nadudvar"]
[BlackTeam "Hajduszoboszlo"]
[WhiteTeamCountry "HUN"]
[BlackTeamCountry "HUN"]

1. e4 e6 2. d4 d5 3. exd5 exd5 4. Bd3 Nf6 5. Nf3 Bg4 6. h3 Bh5 7. 0-0 Be7 8. Bf4 0-0 9. Nbd2 Bd6 10. Bxd6 Qxd6 11. c3 Nbd7 12. Qb3 Nb6 13. Rfe1 Rfe8 14. a4 a5 15. Qb5 Qd7 16. Re5 Qxb5 17. axb5 a4 18. Nh4 Bg6 19. Nxg6 hxg6 20. Rxe8+ Rxe8 21. Kf1 Kf8 22. b3 axb3 23. Nxb3 Ra8 1/2-1/2

[Event "HUN-chT2 Barcza 1314"]
[Site "Hungary"]
[Date "2014.03.23"]
[Round "9"]
[White "Dudics, Zoltan Alex"]
[Black "Dudas, Zoltan"]
[Result "1/2-1/2"]
[WhiteElo "1806"]
[BlackElo "1835"]
[PlyCount "69"]
[EventDate "2013.09.08"]
[EventType "team-tourn"]
[EventRounds "11"]
[EventCountry "HUN"]
[SourceTitle "EXT 2016"]
[Source "ChessBase"]
[SourceDate "2015.10.08"]
[SourceVersion "1"]
[SourceVersionDate "2015.10.08"]
[SourceQuality "1"]
[WhiteTeam "Nadudvar"]
[BlackTeam "Edeleny"]
[WhiteTeamCountry "HUN"]
[BlackTeamCountry "HUN"]

1. e4 e6 2. d4 d5 3. e5 c5 4. Bb5+ Nc6 5. c3 Qb6 6. Bxc6+ bxc6 7. Ne2 cxd4 8. cxd4 Ne7 9. Nd2 Nf5 10. Nb3 Ba6 11. Be3 Bb4+ 12. Nc3 0-0 13. a3 Be7 14. Na4 Qc7 15. Nbc5 Bb5 16. b4 a5 17. Nc3 Bc4 18. Ne2 Qa7 19. Rc1 axb4 20. axb4 Qa3 21. Qd2 Rfb8 22. Rb1 Bxc5 23. dxc5 Nxe3 24. fxe3 Ra4 25. 0-0 Raxb4 26. Rxb4 Rxb4 27. Re1 Rb2 28. Qc3 Rb3 29. Qd4 g6 30. Nf4 Rb5 31. Ra1 Qxc5 32. Ra8+ Kg7 33. Nxe6+ fxe6 34. Ra7+ Kg8 35. Ra8+ 1/2-1/2

[Event "HUN-chT2 Barcza 1314"]
[Site "Hungary"]
[Date "2013.09.22"]
[Round "2"]
[White "Dudics, Zoltan Alex"]
[Black "Pribelszky, Bence"]
[Result "0-1"]
[WhiteElo "1806"]
[BlackElo "1808"]
[PlyCount "56"]
[EventDate "2013.09.08"]
[EventType "team-tourn"]
[EventRounds "11"]
[EventCountry "HUN"]
[SourceTitle "EXT 2016"]
[Source "ChessBase"]
[SourceDate "2015.10.08"]
[SourceVersion "1"]
[SourceVersionDate "2015.10.08"]
[SourceQuality "1"]
[WhiteTeam "Nadudvar"]
[BlackTeam "Miskolc KisBocsok"]
[WhiteTeamCountry "HUN"]
[BlackTeamCountry "HUN"]

1. d4 Nf6 2. Nf3 e6 3. c4 b6 4. Nc3 Bb4 5. a3 Bxc3+ 6. bxc3 Ne4 7. Qc2 Bb7 8. Bf4 0-0 9. e3 f5 10. Bd3 d6 11. h3 Nd7 12. 0-0 Ndf6 13. Nd2 Qe8 14. Nb3 Qg6 15. f3 Ng3 16. Bxg3 Qxg3 17. c5 g5 18. Bc4 Rae8 19. Qxf5 d5 20. Qd3 dxc4 21. Qxc4 Kh8 22. e4 Nh5 23. Rf2 Bxe4 24. Nd2 Bd5 25. Qe2 Nf4 26. Qe5+ Kg8 27. Kf1 Qxf2+ 28. Kxf2 Nd3+ 0-1

[Event "HUN-chT2 Barcza 1314"]
[Site "Hungary"]
[Date "2013.09.08"]
[Round "1"]
[White "Dudics, Zoltan Alex"]
[Black "Papp, Laszlo3333"]
[Result "1/2-1/2"]
[WhiteElo "1806"]
[BlackElo "1779"]
[PlyCount "47"]
[EventDate "2013.09.08"]
[EventType "team-tourn"]
[EventRounds "11"]
[EventCountry "HUN"]
[SourceTitle "EXT 2016"]
[Source "ChessBase"]
[SourceDate "2015.10.08"]
[SourceVersion "1"]
[SourceVersionDate "2015.10.08"]
[SourceQuality "1"]
[WhiteTeam "Nadudvar"]
[BlackTeam "Nyiregyhaza SISE"]
[WhiteTeamCountry "HUN"]
[BlackTeamCountry "HUN"]

1. e4 e5 2. Nf3 Nc6 3. Nc3 Nf6 4. Bc4 Bc5 5. d3 h6 6. h3 d6 7. Be3 Bb6 8. Nd5 Nxd5 9. Bxd5 Ne7 10. Bb3 c6 11. c3 0-0 12. 0-0 Bc7 13. d4 exd4 14. Nxd4 d5 15. exd5 Nxd5 16. Qf3 Qd6 17. Rfe1 Bd7 18. Bxd5 cxd5 19. g3 Rac8 20. Bf4 Qb6 21. Bxc7 Qxc7 22. Qxd5 Bxh3 23. Nf5 Bxf5 24. Qxf5 1/2-1/2

[Event "HUN-chT2 Barcza 1213"]
[Site "Hungary"]
[Date "2013.03.24"]
[Round "9.10"]
[White "Barnoth, Robert"]
[Black "Dudics, Zoltan Alex"]
[Result "1/2-1/2"]
[WhiteElo "1704"]
[BlackElo "1774"]
[PlyCount "91"]
[EventDate "2012.09.16"]
[EventType "team-tourn"]
[EventRounds "11"]
[EventCountry "HUN"]
[SourceTitle "EXT 2014"]
[Source "ChessBase"]
[SourceDate "2013.11.20"]
[SourceVersion "1"]
[SourceVersionDate "2013.11.20"]
[SourceQuality "1"]
[WhiteTeam "Piremon"]
[BlackTeam "Nadudvar"]
[WhiteTeamCountry "HUN"]
[BlackTeamCountry "HUN"]

1. e4 e6 2. d4 d5 3. exd5 exd5 4. Nf3 Bf5 5. Bd3 Bg6 6. Bg5 f6 7. Be3 Bd6 8. Nc3 Ne7 9. Nb5 0-0 10. Nxd6 Qxd6 11. c3 Nf5 12. 0-0 Nxe3 13. fxe3 Re8 14. Bxg6 hxg6 15. Qd3 Nd7 16. Rae1 f5 17. c4 c5 18. Qb3 a6 19. cxd5 b5 20. Nh4 c4 21. Qd1 Re4 22. Rf4 Rae8 23. Rxe4 Rxe4 24. g3 Nb6 25. a3 Nxd5 26. Ng2 g5 27. Qd2 Qe6 28. Qc1 f4 29. gxf4 gxf4 30. exf4 Rxe1+ 31. Qxe1 Qxe1+ 32. Nxe1 Nxf4 33. Kf2 Kf7 34. Ke3 g5 35. Ke4 Kf6 36. h4 Ne6 37. hxg5+ Nxg5+ 38. Kd5 Ne6 39. Nc2 Nf4+ 40. Kc6 Nd3 41. Kb6 Nxb2 42. Kxa6 Kf5 43. Kxb5 Ke4 44. d5 Kxd5 45. Ne3+ Kd4 46. Nxc4 1/2-1/2

[Event "HUN-chT2 Barcza 1213"]
[Site "Hungary"]
[Date "2012.12.02"]
[Round "5.11"]
[White "Dudics, Zoltan Alex"]
[Black "Toth, Tamas"]
[Result "1/2-1/2"]
[WhiteElo "1783"]
[BlackElo "1946"]
[PlyCount "84"]
[EventDate "2012.09.16"]
[EventType "team-tourn"]
[EventRounds "11"]
[EventCountry "HUN"]
[SourceTitle "EXT 2014"]
[Source "ChessBase"]
[SourceDate "2013.11.20"]
[SourceVersion "1"]
[SourceVersionDate "2013.11.20"]
[SourceQuality "1"]
[WhiteTeam "Nadudvar"]
[BlackTeam "Hajduboszormeny"]
[WhiteTeamCountry "HUN"]
[BlackTeamCountry "HUN"]

1. e4 c5 2. Nf3 d6 3. Nc3 Nf6 4. d4 cxd4 5. Nxd4 g6 6. f4 Nc6 7. Nxc6 bxc6 8. h3 Qc7 9. g4 Bg7 10. Bd3 0-0 11. f5 d5 12. Qf3 d4 13. Ne2 Nd7 14. Bf4 Ne5 15. Bxe5 Bxe5 16. h4 Rb8 17. b3 Qa5+ 18. Kf2 Ba6 19. g5 Bxd3 20. Qxd3 Qb5 21. Rac1 c5 22. Qh3 Qc6 23. Qg4 Qd6 24. h5 Rbd8 25. Rh4 Qa6 26. Kg2 c4 27. hxg6 fxg6 28. fxg6 Qxg6 29. Rh6 Qf7 30. bxc4 Rd6 31. Kh1 Rg6 32. Ng3 Bxg3 33. Qxg3 Qxc4 34. Rxg6+ hxg6 35. Qe5 d3 36. Qd5+ Qxd5 37. exd5 Rc8 38. c4 d2 39. Rd1 Rxc4 40. Rxd2 Rg4 41. d6 exd6 42. Rxd6 Rxg5 1/2-1/2

[Event "HUN-chT2 Barcza 1213"]
[Site "Hungary"]
[Date "2012.10.07"]
[Round "2.11"]
[White "Dudics, Zoltan Alex"]
[Black "Molnar, Laszlo"]
[Result "1-0"]
[WhiteElo "1760"]
[BlackElo "2198"]
[PlyCount "83"]
[EventDate "2012.09.16"]
[EventType "team-tourn"]
[EventRounds "11"]
[EventCountry "HUN"]
[SourceTitle "EXT 2014"]
[Source "ChessBase"]
[SourceDate "2013.11.20"]
[SourceVersion "1"]
[SourceVersionDate "2013.11.20"]
[SourceQuality "1"]
[WhiteTeam "Nadudvar"]
[BlackTeam "Tiszavasvar"]
[WhiteTeamCountry "HUN"]
[BlackTeamCountry "HUN"]

1. d4 Nf6 2. Nf3 g6 3. Bf4 Bg7 4. c4 d6 5. Nc3 0-0 6. Qd2 Nbd7 7. Bh6 e5 8. Bxg7 Kxg7 9. dxe5 Nxe5 10. e3 b6 11. 0-0-0 Nxf3 12. gxf3 Bb7 13. e4 Nd7 14. h4 h5 15. f4 Nc5 16. b4 Nd7 17. Bh3 f5 18. Rhg1 fxe4 19. f5 Rf6 20. Nd5 Bxd5 21. Qxd5 Ne5 22. Qxe4 Qg8 23. Rd5 Re8 24. Qd4 Kf7 25. Qc3 Qh7 26. Rg5 c6 27. fxg6+ Rxg6 28. Rd4 Rxg5 29. hxg5 Qg6 30. Qd2 Kg7 31. Bg2 c5 32. Rxd6 Re6 33. Rxe6 Qxe6 34. Bd5 Qg4 35. bxc5 bxc5 36. Qe3 Qf4 37. Qxf4 Nd3+ 38. Kd2 Nxf4 39. Ke3 Nh3 40. f4 Kg6 41. Be4+ Kf7 42. Bf5 1-0

[Event "HUN-chT2 Barcza 1112 "]
[Site "Hungary"]
[Date "2011.11.27"]
[Round "4"]
[White "Varga, Balint"]
[Black "Dudics, Zoltan Alex"]
[Result "0-1"]
[WhiteElo "1814"]
[BlackElo "1672"]
[PlyCount "80"]
[EventDate "2011.09.25"]
[EventType "team-tourn"]
[EventRounds "11"]
[EventCountry "HUN"]
[SourceTitle "EXT 2013"]
[Source "ChessBase"]
[SourceDate "2012.11.22"]
[SourceVersion "1"]
[SourceVersionDate "2012.11.22"]
[SourceQuality "1"]
[WhiteTeam "DEAC"]
[BlackTeam "Nadudvar"]
[WhiteTeamCountry "HUN"]
[BlackTeamCountry "HUN"]

1. e4 e6 2. d4 d5 3. exd5 exd5 4. Nc3 Bf5 5. Nf3 c6 6. Be2 Nf6 7. Bf4 Bd6 8. Bxd6 Qxd6 9. Bd3 Bg6 10. Qe2+ Qe7 11. Qxe7+ Kxe7 12. Bxg6 fxg6 13. 0-0 Nbd7 14. Rfe1+ Kd6 15. Ne5 Rhe8 16. Nf7+ Kc7 17. Ne5 Nxe5 18. dxe5 Nd7 19. e6 Nc5 20. Re5 Rxe6 21. Rxe6 Nxe6 22. Re1 Kd6 23. f3 Nd4 24. Rc1 Re8 25. Kf2 b5 26. a3 a5 27. b3 b4 28. axb4 axb4 29. Rd1 c5 30. Re1 Rxe1 31. Kxe1 bxc3 32. Kd1 Ke5 33. g3 Nxf3 34. h3 d4 35. Kc1 Ke4 36. g4 d3 37. cxd3+ Kxd3 38. Kd1 c2+ 39. Kc1 Kc3 40. h4 Nd4 0-1

[Event "HUN-chT2 Toth 1011"]
[Site "Hungary"]
[Date "2010.10.10"]
[Round "3.10"]
[White "Dudics, Zoltan Alex"]
[Black "Tamas, Kornel"]
[Result "1/2-1/2"]
[WhiteElo "1680"]
[BlackElo "1911"]
[PlyCount "99"]
[EventDate "2010.09.12"]
[EventType "team-tourn"]
[EventRounds "11"]
[EventCountry "HUN"]
[SourceTitle "EXT 2012"]
[Source "ChessBase"]
[SourceDate "2011.11.24"]
[SourceVersion "1"]
[SourceVersionDate "2011.11.24"]
[SourceQuality "1"]
[WhiteTeam "Nadudvar"]
[BlackTeam "Gyula"]
[WhiteTeamCountry "HUN"]
[BlackTeamCountry "HUN"]

1. d4 d5 2. Nf3 Nf6 3. Bf4 e6 4. Nbd2 c5 5. e3 Nc6 6. c3 Be7 7. Be2 0-0 8. 0-0 Nh5 9. Bg3 Nxg3 10. hxg3 f6 11. Qc2 cxd4 12. Nxd4 e5 13. N4b3 Be6 14. Nf3 Rc8 15. Qd2 a6 16. Rfd1 b5 17. Nc1 Qc7 18. a4 Qb6 19. axb5 axb5 20. b4 Rfd8 21. Qb2 Ra8 22. Nb3 Bf8 23. Rxa8 Rxa8 24. Ne1 e4 25. Nc2 Ne5 26. Ncd4 Nc4 27. Bxc4 dxc4 28. Nd2 Bd5 29. Ra1 Ra6 30. Nb1 Bc6 31. Rxa6 Qxa6 32. Qa3 Qb6 33. Qa5 Qxa5 34. bxa5 Bd7 35. a6 Bc5 36. Na3 Bc8 37. Naxb5 Bxa6 38. Nc7 Bc8 39. f3 Bd6 40. Nd5 exf3 41. gxf3 Bb7 42. Nb6 Bxg3 43. Nxc4 g5 44. Kg2 Bb8 45. e4 h5 46. Nf5 Kf8 47. Ncd6 Bc6 48. c4 Ba7 49. Nb5 Bc5 50. Nbd4 1/2-1/2

[Event "HUN-chT2 Toth 0910"]
[Site "Hungary"]
[Date "2009.12.06"]
[Round "3.11"]
[White "Dudics, Zoltan Alex"]
[Black "Kecze, Matyas"]
[Result "0-1"]
[WhiteElo "1703"]
[BlackElo "1760"]
[PlyCount "84"]
[EventDate "2009.11.08"]
[EventType "team-tourn"]
[EventRounds "11"]
[EventCountry "HUN"]
[SourceTitle "EXT 2011"]
[Source "ChessBase"]
[SourceDate "2010.11.26"]
[SourceVersion "1"]
[SourceVersionDate "2010.11.26"]
[SourceQuality "1"]
[WhiteTeam "Nadudvar"]
[BlackTeam "Kisujszallas"]
[WhiteTeamCountry "HUN"]
[BlackTeamCountry "HUN"]

1. d4 Nf6 2. Nf3 d6 3. Bf4 g6 4. e3 Bg7 5. c4 0-0 6. Nc3 Re8 7. h3 c6 8. Bd3 Nbd7 9. Qc2 e5 10. Bh2 Qe7 11. dxe5 Nxe5 12. Nxe5 dxe5 13. Ne4 Nxe4 14. Bxe4 f5 15. Bf3 e4 16. Be2 Qb4+ 17. Qd2 Qxb2 18. Rc1 Qxd2+ 19. Kxd2 Be6 20. Rb1 Red8+ 21. Kc2 b5 22. Rhd1 bxc4 23. Rxd8+ Rxd8 24. Rb7 Rd7 25. Rxd7 Bxd7 26. Bxc4+ Kf8 27. Ba6 Be6 28. a4 Ke7 29. Bb8 Kd7 30. Bxa7 Kc7 31. a5 Be5 32. Bb6+ Kb8 33. Bd4 Bxd4 34. exd4 Ka7 35. Be2 Bc8 36. Kc3 Ba6 37. Bc4 Bxc4 38. Kxc4 Ka6 39. Kc5 f4 40. Kb4 g5 41. Kc3 Kxa5 42. g3 Kb5 0-1

[Event "HUN-chT2 Toth 0809"]
[Site "Hungary"]
[Date "2009.02.22"]
[Round "8.12"]
[White "Botta, Tibor Jr"]
[Black "Dudics, Zoltan Alex"]
[Result "1/2-1/2"]
[WhiteElo "1690"]
[BlackElo "1700"]
[PlyCount "118"]
[EventDate "2008.10.26"]
[EventType "team-tourn"]
[EventRounds "11"]
[EventCountry "HUN"]
[SourceTitle "EXT 2010"]
[Source "ChessBase"]
[SourceDate "2010.11.25"]
[SourceVersion "1"]
[SourceVersionDate "2010.11.25"]
[SourceQuality "1"]
[WhiteTeam "Takisz"]
[BlackTeam "Nadudvar"]
[WhiteTeamCountry "HUN"]
[BlackTeamCountry "HUN"]

1. e4 e5 2. Bc4 Bc5 3. d3 d6 4. Ne2 Nc6 5. 0-0 Nf6 6. Be3 Bb6 7. Nbc3 Be6 8. Nd5 Na5 9. Bg5 Nxc4 10. dxc4 Bxd5 11. cxd5 h6 12. Bxf6 Qxf6 13. Qe1 Qg6 14. Ng3 Qf6 15. Kh1 g6 16. Ne2 h5 17. f4 exf4 18. Rxf4 Qxb2 19. c4 Qg7 20. Rb1 Rb8 21. Rb3 0-0 22. Rg3 Bd4 23. Rh4 Be5 24. Nf4 Bxf4 25. Rxf4 Qe5 26. Rh4 Kh7 27. Qc1 f6 28. Rc3 b6 29. Rch3 Rbe8 30. Qe1 Kg7 31. Rg3 Rh8 32. Rb3 f5 33. h3 fxe4 34. Re3 Qf6 35. Rhxe4 Rxe4 36. Rxe4 Rf8 37. Kh2 Rf7 38. Re6 Qf4+ 39. Kh1 Qf1+ 40. Qxf1 Rxf1+ 41. Kh2 Kf7 42. Re4 Ra1 43. Rf4+ Kg7 44. Re4 Rf1 45. a4 Kf7 46. Re3 Rf4 47. Rc3 Kf6 48. Kg3 g5 49. Kh2 Ke5 50. a5 Kd4 51. Rc1 Kc5 52. axb6 cxb6 53. g3 Rxc4 54. Rf1 Rd4 55. Rf5 Rxd5 56. Rf7 a5 57. Rh7 g4 58. hxg4 hxg4 59. Rh4 Rg5 1/2-1/2

[Event "HUN-chT2 Toth 0809"]
[Site "Hungary"]
[Date "2009.01.25"]
[Round "6.12"]
[White "Koplandi, Peter"]
[Black "Dudics, Zoltan Alex"]
[Result "0-1"]
[WhiteElo "100"]
[BlackElo "1700"]
[PlyCount "92"]
[EventDate "2008.10.26"]
[EventType "team-tourn"]
[EventRounds "11"]
[EventCountry "HUN"]
[SourceTitle "EXT 2010"]
[Source "ChessBase"]
[SourceDate "2010.11.25"]
[SourceVersion "1"]
[SourceVersionDate "2010.11.25"]
[SourceQuality "1"]
[WhiteTeam "Szentes"]
[BlackTeam "Nadudvar"]
[WhiteTeamCountry "HUN"]
[BlackTeamCountry "HUN"]

1. c4 e5 2. Nc3 Nf6 3. Nf3 Nc6 4. e4 Bc5 5. d3 d6 6. Be2 h6 7. 0-0 0-0 8. h3 a6 9. a3 Nd4 10. b4 Nxe2+ 11. Qxe2 Ba7 12. Be3 Bxe3 13. Qxe3 Be6 14. Nd5 Nxd5 15. cxd5 Bd7 16. Rfc1 c6 17. dxc6 Bxc6 18. d4 f6 19. d5 Ba4 20. Rc3 Qd7 21. Rac1 Rfc8 22. Rxc8+ Rxc8 23. Rxc8+ Qxc8 24. Qb6 Qc1+ 25. Kh2 Qxa3 26. Qxd6 a5 27. Qb8+ Kh7 28. Qxb7 Qxb4 29. Qxb4 axb4 30. Nd2 Kg8 31. Kg3 b3 32. Nc4 Kf7 33. Kf3 Ke7 34. Ke3 Bb5 35. Nb2 Kd6 36. Nd3 g6 37. g4 Bc4 38. Nb2 Bf1 39. h4 Bh3 40. f3 f5 41. gxf5 gxf5 42. Kd3 Kc5 43. Nc4 Bf1+ 44. Kc3 Bxc4 45. exf5 Bxd5 46. f6 Bf7 0-1

[Event "HUN-chT U18"]
[Site "Miskolc"]
[Date "2008.10.30"]
[Round "6.19"]
[White "Dudics, Zoltan Alex"]
[Black "Halak, Miklos"]
[Result "1/2-1/2"]
[WhiteElo "1700"]
[BlackElo "1939"]
[PlyCount "105"]
[EventDate "2008.10.27"]
[EventType "team-swiss"]
[EventRounds "8"]
[EventCountry "HUN"]
[SourceTitle "EXT 2016"]
[Source "ChessBase"]
[SourceDate "2015.10.08"]
[SourceVersion "1"]
[SourceVersionDate "2015.10.08"]
[SourceQuality "1"]

1. e4 e5 2. Nf3 Nc6 3. Bc4 Bc5 4. d3 d6 5. Ng5 Qf6 6. 0-0 Be6 7. Nxe6 fxe6 8. c3 Nge7 9. Qg4 d5 10. exd5 exd5 11. Bb5 0-0 12. Qg3 Bd6 13. Bg5 Qe6 14. Bxe7 Nxe7 15. Qe3 Nf5 16. Qh3 Qg6 17. Bd7 c6 18. Nd2 Rad8 19. Bxf5 Rxf5 20. Qe3 Rh5 21. Rae1 e4 22. g3 Rf8 23. dxe4 Bf4 24. Qe2 Qh6 25. Nf3 dxe4 26. Qxe4 Bc7 27. Qe3 Qf6 28. Nd4 Re5 29. Qd2 Rd5 30. Qe3 Be5 31. Nb3 Bb8 32. Qe6+ Qxe6 33. Rxe6 Rd7 34. Rfe1 Rdf7 35. f4 Bc7 36. Kg2 Bb6 37. Re7 Rd8 38. Re8+ Rxe8 39. Rxe8+ Rf8 40. Rxf8+ Kxf8 41. Kf3 Kf7 42. g4 Kf6 43. Nd2 Ke6 44. Ke4 Bc7 45. h3 b5 46. b3 Ba5 47. Nb1 Bd8 48. Nd2 Ba5 49. Kd4 Bb6+ 50. Ke4 Bc5 51. f5+ Kd6 52. Kd3 Ke5 53. Nf3+ 1/2-1/2

[Event "HUN-chT U18"]
[Site "Miskolc"]
[Date "2008.10.30"]
[Round "7.24"]
[White "Farkas, Gabor Akos"]
[Black "Dudics, Zoltan Alex"]
[Result "1/2-1/2"]
[WhiteElo "1576"]
[BlackElo "1700"]
[PlyCount "117"]
[EventDate "2008.10.27"]
[EventType "team-swiss"]
[EventRounds "8"]
[EventCountry "HUN"]
[SourceTitle "EXT 2016"]
[Source "ChessBase"]
[SourceDate "2015.10.08"]
[SourceVersion "1"]
[SourceVersionDate "2015.10.08"]
[SourceQuality "1"]

1. d4 d5 2. c4 dxc4 3. Nc3 e6 4. e3 Nf6 5. Bxc4 Be7 6. Nf3 b6 7. 0-0 0-0 8. Ng5 h6 9. Qf3 c6 10. Nge4 Qc7 11. Nxf6+ Bxf6 12. Ne4 Be7 13. Bd3 Ba6 14. Bxa6 Nxa6 15. b3 c5 16. Bb2 f5 17. Nd2 Bf6 18. e4 Bxd4 19. Bxd4 cxd4 20. exf5 exf5 21. Qd5+ Kh8 22. Qxd4 Rad8 23. Qc4 Qxc4 24. Nxc4 Rfe8 25. Rfd1 Rxd1+ 26. Rxd1 Re7 27. g3 g6 28. Rd6 Kg7 29. f4 Nc5 30. Ne5 g5 31. Nc6 Rc7 32. Nd4 Rf7 33. Rd5 Kg6 34. Nf3 Re7 35. Ne5+ Kf6 36. Nc6 Rc7 37. Nb4 Rd7 38. Re5 gxf4 39. gxf4 Rg7+ 40. Kf1 Rg4 41. Nd5+ Kg6 42. Ne7+ Kf6 43. Ng8+ Kg7 44. Ne7 Rxf4+ 45. Kg2 h5 46. Rxf5 Rxf5 47. Nxf5+ Kg6 48. Ne7+ Kg7 49. b4 Nd3 50. a3 a5 51. Nd5 axb4 52. Nxb4 Nxb4 53. axb4 b5 54. Kg3 Kg6 55. Kf3 Kg5 56. h3 Kf5 57. Kg3 Kg5 58. h4+ Kf5 59. Kf3 1/2-1/2

[Event "HUN-chT U18"]
[Site "Miskolc"]
[Date "2008.10.27"]
[Round "1.14"]
[White "Istvanovszky, Martin"]
[Black "Dudics, Zoltan Alex"]
[Result "1-0"]
[WhiteElo "2205"]
[BlackElo "1700"]
[PlyCount "47"]
[EventDate "2008.10.27"]
[EventType "team-swiss"]
[EventRounds "8"]
[EventCountry "HUN"]
[SourceTitle "EXT 2016"]
[Source "ChessBase"]
[SourceDate "2015.10.08"]
[SourceVersion "1"]
[SourceVersionDate "2015.10.08"]
[SourceQuality "1"]

1. e4 d5 2. exd5 Nf6 3. Bb5+ Bd7 4. Bc4 Bf5 5. Nc3 g6 6. d3 Nbd7 7. h3 Nb6 8. g4 Bc8 9. Qf3 Bg7 10. Nge2 Nfd7 11. Bf4 Be5 12. 0-0-0 0-0 13. Qe3 Nxc4 14. dxc4 Bxf4 15. Nxf4 b6 16. h4 Nf6 17. f3 c6 18. g5 Nd7 19. h5 Nc5 20. b4 Nb7 21. hxg6 fxg6 22. Ne6 Bxe6 23. Qxe6+ Rf7 24. Rxh7 1-0